[Event "Peterborough 4NCL Easter op-A"]
[Site "Peterborough"]
[Date "2024.03.30"]
[Round "2"]
[White "Mesesan, Mircea Marius"]
[Black "McLean, Robert"]
[Result "0-1"]
[WhiteElo "1963"]
[BlackElo "1967"]
[PlyCount "156"]
[EventDate "2024.03.29"]
[EventType "swiss"]
[EventRounds "7"]
[EventCountry "ENG"]
[SourceTitle "CB14_2024"]
[SourceDate "2024.04.01"]
[SourceVersion "1"]
[SourceVersionDate "2024.04.01"]
[SourceQuality "1"]

1. d4 Nf6 2. e3 d5 3. Bd3 c5 4. b3 cxd4 5. exd4 Nc6 6. Bb2 g6 7. a3 Bg7 8. Nd2 Qb6 9. Ngf3 Bg4 10. 0-0 0-0 11. Re1 e6 12. Rb1 Rac8 13. h3 Bxf3 14. Nxf3 Ne8 15. c3 Na5 16. Bc2 Nd6 17. Ne5 Rfd8 18. f3 Rc7 19. a4 Rdc8 20. Kh1 Nf5 21. b4 Nc4 22. Nxc4 Rxc4 23. Bd3 R4c7 24. f4 h5 25. Bxf5 exf5 26. Qf3 Qd6 27. Re3 Bf6 28. Rbe1 Kg7 29. Qf1 Rd7 30. Bc1 Rcc7 31. R1e2 Qc6 32. b5 Qc4 33. Qd1 Bxd4 34. Qxd4+ Qxd4 35. cxd4 Rxc1+ 36. Re1 Rc4 37. Re7 Rxe7 38. Rxe7 Rxd4 39. Rxb7 Rxa4 40. Rd7 d4 41. Kg1 Kf6 42. Kf2 Ke6 43. Rb7 h4 44. b6 axb6 45. Rxb6+ Kd5 46. Rb7 Ke4 47. Rxf7 Ra2+ 48. Kf1 Kxf4 49. Rd7 Rd2 50. Ke1 Rxg2 51. Rxd4+ Kg5 52. Kf1 Rg3 53. Rc4 Rxh3 54. Kg2 Re3 55. Kh2 Kh5 56. Kg2 g5 57. Rc8 Kg4 58. Rc4+ Re4 59. Rc2 f4 60. Rf2 f3+ 61. Kg1 Re1+ 62. Kh2 Re2 63. Kg1 Rxf2 64. Kxf2 Kh3 65. Kxf3 g4+ 66. Kf4 g3 67. Kf3 g2 68. Kf2 Kh2 69. Kf3 g1Q 70. Ke4 Kg3 71. Ke5 h3 72. Ke4 h2 73. Ke5 h1Q 74. Kd6 Qe4 75. Kd7 Qd1+ 76. Kc7 Qc4+ 77. Kb6 Qb1+ 78. Ka5 Qcb5# 0-1

[Event "Cambridge op 2nd"]
[Site "Cambridge"]
[Date "2024.02.24"]
[Round "9"]
[White "McLean, Robert"]
[Black "Banerjee, Supratit"]
[Result "1-0"]
[WhiteElo "1882"]
[BlackElo "2137"]
[PlyCount "111"]
[EventDate "2024.02.19"]
[EventType "swiss"]
[EventRounds "9"]
[EventCountry "ENG"]
[SourceTitle "CB09_2024"]
[SourceDate "2024.02.28"]
[SourceVersion "1"]
[SourceVersionDate "2024.02.28"]
[SourceQuality "1"]

1. e4 e6 2. d4 d5 3. Nc3 dxe4 4. Nxe4 Nd7 5. Nf3 Ngf6 6. Nxf6+ Nxf6 7. Bd3 c5 8. Be3 Qc7 9. Qe2 Bd7 10. 0-0-0 0-0-0 11. Kb1 Nd5 12. Ne5 Be8 13. c3 Bd6 14. Nc4 Bf4 15. g3 Bxe3 16. fxe3 b5 17. Ne5 c4 18. Be4 f6 19. Nf3 Bc6 20. Nd2 Qb7 21. Bxd5 exd5 22. Rhe1 Rhe8 23. Qg4+ Qd7 24. Qf4 Qe6 25. Re2 Bd7 26. e4 g5 27. Qf2 dxe4 28. Nxe4 Qf5 29. d5 Qxf2 30. Nd6+ Kb8 31. Rxf2 Rf8 32. Ne4 Bg4 33. Rd4 Bh5 34. Nxf6 Bg6+ 35. Kc1 Kc8 36. d6 Bd3 37. Kd2 Rd7 38. Ne4 Rfd8 39. Nxg5 Rxd6 40. Rxd6 Rxd6 41. Ke3 h6 42. Nh3 Re6+ 43. Kd4 Re4+ 44. Kd5 Re8 45. Nf4 Be4+ 46. Kc5 Bb1 47. a3 Re5+ 48. Kd6 Rf5 49. Re2 Rf8 50. Kc6 a6 51. Nd5 Bd3 52. Re7 Bg6 53. Rc7+ Kd8 54. Rd7+ Kc8 55. Nb6+ Kb8 56. Rb7# 1-0

[Event "BCF-chT3N 1617 (4NCL)"]
[Site "England"]
[Date "2017.04.29"]
[Round "9.61"]
[White "Somton, Anita"]
[Black "McLean, Robert"]
[Result "0-1"]
[WhiteElo "1952"]
[BlackElo "1967"]
[PlyCount "62"]
[EventDate "2016.11.26"]
[EventType "team-swiss"]
[EventRounds "11"]
[EventCountry "ENG"]
[SourceTitle "EXT 2019"]
[Source "ChessBase"]
[SourceDate "2018.10.10"]
[SourceVersion "1"]
[SourceVersionDate "2018.10.10"]
[SourceQuality "1"]
[WhiteTeam "Ashfield Breadsall II"]
[BlackTeam "3CS Oldham III"]
[WhiteTeamCountry "ENG"]
[BlackTeamCountry "ENG"]

1. d4 e6 2. c4 Nf6 3. g3 d5 4. Bg2 Be7 5. Nf3 0-0 6. 0-0 dxc4 7. Ne5 Nc6 8. Nxc6 bxc6 9. Bxc6 Rb8 10. Nc3 Bd7 11. Bg2 Nd5 12. e4 Nb4 13. Be3 c5 14. dxc5 Nd3 15. b3 Bf6 16. Qc2 Qa5 17. Bd2 Qxc5 18. Rab1 Bd4 19. Nd1 cxb3 20. Qxd3 bxa2 21. Rxb8 Rxb8 22. Nc3 Rb3 23. Qc2 Ra3 24. Qb2 Bxc3 25. Bxc3 Qxc3 26. Qb8+ Bc8 27. e5 a1Q 28. Bb7 Qab2 29. Rd1 Ra1 30. Qd6 Rxd1+ 31. Qxd1 Qcc1 0-1

[Event "BCF-chT3N 1617 (4NCL)"]
[Site "England"]
[Date "2017.03.18"]
[Round "7.24"]
[White "Jaracz, Barbara"]
[Black "McLean, Robert"]
[Result "1-0"]
[WhiteElo "2238"]
[BlackElo "1967"]
[PlyCount "127"]
[EventDate "2016.11.26"]
[EventType "team-swiss"]
[EventRounds "11"]
[EventCountry "ENG"]
[SourceTitle "EXT 2019"]
[Source "ChessBase"]
[SourceDate "2018.10.10"]
[SourceVersion "1"]
[SourceVersionDate "2018.10.10"]
[SourceQuality "1"]
[WhiteTeam "Manx Liberty"]
[BlackTeam "3CS Oldham II"]
[WhiteTeamCountry "IOM"]
[BlackTeamCountry "ENG"]

1. e4 e6 2. d4 d5 3. Nd2 Nf6 4. e5 Nfd7 5. Bd3 c5 6. c3 Nc6 7. Ne2 cxd4 8. cxd4 f6 9. exf6 Nxf6 10. 0-0 Bd6 11. Nf3 0-0 12. Bf4 Bxf4 13. Nxf4 Ne4 14. Nh5 Qb6 15. b3 g6 16. Ng3 Nxg3 17. hxg3 Nxd4 18. Ne5 Nf5 19. Bxf5 Rxf5 20. Qe2 Qd6 21. Rfe1 b6 22. Ng4 Qf8 23. Qe3 Kh8 24. Rac1 Qg7 25. Ne5 Bb7 26. g4 Rff8 27. g5 Rae8 28. Qd4 Kg8 29. Rc3 Rc8 30. Rec1 Rxc3 31. Rxc3 Rf5 32. f4 h6 33. Qa4 Rf8 34. gxh6 Qxh6 35. Rg3 Qxf4 36. Rxg6+ Kh8 37. Qxf4 Rxf4 38. Rxe6 Re4 39. Re7 Kg8 40. Rxb7 Rxe5 41. Rxa7 Re2 42. Rd7 Rxa2 43. Rxd5 Kf7 44. Rd6 Ra6 45. Kf2 Ke7 46. Rh6 Kd7 47. g4 Kc7 48. Re6 Ra5 49. Kf3 Rb5 50. Re3 Kd7 51. Kf4 Rc5 52. g5 Rc1 53. g6 Rf1+ 54. Kg5 Rg1+ 55. Kf6 Rf1+ 56. Kg7 Rg1 57. Kf7 Rf1+ 58. Kg8 Rg1 59. g7 Rh1 60. Re4 Rh2 61. Kf7 Rf2+ 62. Kg6 Rg2+ 63. Kf6 Rg3 64. Re5 1-0

[Event "BCF-chT3N 1617 (4NCL)"]
[Site "England"]
[Date "2016.11.27"]
[Round "2.55"]
[White "McLean, Robert"]
[Black "Edwards, Simon R"]
[Result "1/2-1/2"]
[WhiteElo "1967"]
[BlackElo "2087"]
[PlyCount "69"]
[EventDate "2016.11.26"]
[EventType "team-swiss"]
[EventRounds "11"]
[EventCountry "ENG"]
[SourceTitle "EXT 2019"]
[Source "ChessBase"]
[SourceDate "2018.10.10"]
[SourceVersion "1"]
[SourceVersionDate "2018.10.10"]
[SourceQuality "1"]
[WhiteTeam "3CS Oldham II"]
[BlackTeam "Cheddleton II"]
[WhiteTeamCountry "ENG"]
[BlackTeamCountry "ENG"]

1. e4 c5 2. Nf3 d6 3. d4 cxd4 4. Nxd4 g6 5. Nc3 Bg7 6. Bc4 Nc6 7. Be3 Nf6 8. f3 0-0 9. Qd2 Bd7 10. 0-0-0 Rc8 11. Bb3 Ne5 12. h4 Nc4 13. Bxc4 Rxc4 14. h5 Nxh5 15. g4 Nf6 16. Bh6 e6 17. Bxg7 Kxg7 18. Qh6+ Kg8 19. Nf5 exf5 20. Nd5 Re8 21. g5 Nxd5 22. exd5 Be6 23. Qxh7+ Kf8 24. Qh8+ Ke7 25. Qf6+ Kd7 26. dxe6+ Rxe6 27. Qxf7+ Qe7 28. Qxe7+ Rxe7 29. Rh6 Rg7 30. Rdh1 Rc7 31. Rh7 Kc6 32. Rxg7 Rxg7 33. Kd2 Kd5 34. Kd3 Ke5 35. Rh4 1/2-1/2